<?xml version="1.0" encoding="UTF-8"?>
<record
    xmlns:xsi="http://www.w3.org/2001/XMLSchema-instance"
    xsi:schemaLocation="http://www.loc.gov/MARC21/slim http://www.loc.gov/standards/marcxml/schema/MARC21slim.xsd"
    xmlns="http://www.loc.gov/MARC21/slim">

  <leader>00337nam a22001457a 4500</leader>
  <controlfield tag="003">OSt</controlfield>
  <controlfield tag="008">220521b           ||||| |||| 00| 0 eng d</controlfield>
  <datafield tag="022" ind1=" " ind2=" ">
    <subfield code="a">978-0-141-98851-1</subfield>
  </datafield>
  <datafield tag="082" ind1=" " ind2=" ">
    <subfield code="a">170.44 PET</subfield>
  </datafield>
  <datafield tag="100" ind1=" " ind2=" ">
    <subfield code="a">PETERSON,Jordan</subfield>
  </datafield>
  <datafield tag="245" ind1=" " ind2=" ">
    <subfield code="a">12 Rules for Life</subfield>
  </datafield>
  <datafield tag="260" ind1=" " ind2=" ">
    <subfield code="a">U.K.</subfield>
    <subfield code="b">Penguin Books</subfield>
    <subfield code="c">2019</subfield>
  </datafield>
  <datafield tag="300" ind1=" " ind2=" ">
    <subfield code="a">409</subfield>
  </datafield>
  <datafield tag="942" ind1=" " ind2=" ">
    <subfield code="2">ddc</subfield>
    <subfield code="c">BK</subfield>
  </datafield>
  <datafield tag="999" ind1=" " ind2=" ">
    <subfield code="c">11262</subfield>
    <subfield code="d">11262</subfield>
  </datafield>
  <datafield tag="952" ind1=" " ind2=" ">
    <subfield code="0">0</subfield>
    <subfield code="1">0</subfield>
    <subfield code="2">ddc</subfield>
    <subfield code="4">0</subfield>
    <subfield code="7">0</subfield>
    <subfield code="8">GENERAL</subfield>
    <subfield code="a">PIET</subfield>
    <subfield code="b">PIET</subfield>
    <subfield code="d">2022-05-09</subfield>
    <subfield code="e">Kumar Stationery &amp; Book Seller</subfield>
    <subfield code="f">Indian Rup</subfield>
    <subfield code="g">399.00</subfield>
    <subfield code="k">35240</subfield>
    <subfield code="l">2</subfield>
    <subfield code="o">170.44 PER</subfield>
    <subfield code="p">33622</subfield>
    <subfield code="r">2024-07-16 00:00:00</subfield>
    <subfield code="s">2024-07-09</subfield>
    <subfield code="v">260.00</subfield>
    <subfield code="w">2022-05-16</subfield>
    <subfield code="y">BK</subfield>
    <subfield code="z">Motivational</subfield>
  </datafield>
</record>
